01502nam a2200421 i 450000100060000000300080000600500170001400600190003100700150005000800410006502000180010602000270012403500230015103500240017403500220019804000310022005000220025108000080027308200170028110000210029824500440031926400470036330000410041033600310045133700330048233800430051549000220055858801250058059001640070565000320086965000140090165000170091565500270093279700190095983000230097885600620100199900170106337669FlNmELB20241216221522.0m o d | cr cnu||||||||180809s2017 ag o 000 0 spa d z9789873970108 a9789873970115 (e-book) a(MiAaPQ)EBC5426006 a(Au-PeEL)EBL5426006 a(OCoLC)1105442596 aFINmELBbspaerdacFINmELB 4aNK1510bF841 2017 a7450 a745.40712231 aFrascara, Jorge.10aEnseñando diseño /cJorge Frascara. 1aBuenos Aires :bEdiciones Infinito,c2017. a1 recurso en línea (127 páginas) atextobtxt2rdacontent/spa acomputadorabc2rdamedia/spa arecurso en líneabcr2rdacarrier/spa1 aSaber y comunicar aDescripción basada en recurso en línea; Título de la página del título en PDF (e-libro, visto August 9, 2010). aRecurso electrónico. Santa Fe, Arg.: e-libro, 2018. Disponible vía World Wide Web. El acceso puede estar limitado para las bibliotecas afiliadas a e-libro. 0aDesignxStudy and teaching. 4aDiseño. 4aEnseñanza. 4aLibros electrónicos.2 ae-libro, Corp. 0aSaber y comunicar.40uhttps://elibro.net/ereader/politecnicointernacional/77396 c37669d37669